1002 1661 1350 1756 1004 1908 1567 1897 1408 1128 1386 1688 1819 1443 1071 1386 1741 1119 1896 1285 1587 1516 1663 1005 1304 1045 1041 1703 1981 1125 1149 1126 1558 1981 1119 1354 1459 1859 1282 1194 1999 1277 1973 1902 1125 1004 1539 1163 1375 1550 1410 1200 1774 1992 1924 1644 1425 1963 1901 1350 1891 1300 1484 1526 1608 1354 1980 1887 1613 1810 1064 1459 1375 1886 1285 1302 1590 1606 1066 1934 1207 1692 1841 1940 1457 1991 1203 1010 1871 1854 1131 1332 1758 1796 1070 1498 1016 1463 1769 BCNSPRNW ULIB Ver.6.0+V

เปลี่ยนเป็นภาษาไทย

Change to English
 แสดงรายละเอียดบรรณานุกรม
  กลับหน้าหลัก

Brief Record : Get Marc (ISO 2709) : E-mail record : QR code < ปิดหน้าต่าง
LEADER : 00000nam 2200000uu 4500
001    13399111689
003     ULIB
008    110701s2549||||th 000 0 tha d
020    9749494210
050  4 PE1131^bก712ท 2549
100 1  กุณฑีรา กวักเพฑูรย์ คุโนลด์
245 10 เทคนิคการจดจำ การแปลคำศัพท์ อังกฤษ-ไทย /^cกุณฑีรา กวักเพฑูรย์ คุโนลด์
250    พิมพ์ครั้งที่ 1
260    กรุงเทพฯ :^bเอ็ดดูเคชั่น ไมน์ด ไลน์ มัลติมีเดีย,^c2549
300    199 หน้า :^bภาพประกอบ
650  7 ภาษาอังกฤษ^xการใช้ภาษา
650  7 การจำ^xคำศัพท์ภาษาอังกฤษ
650  7 คำศัพท์^xภาษาอังกฤษ
945    ^p155^l0^i020287
945    ^p155^l0^i020754
995    ทศพร
999 ^a ใช้งานได้ทุกระบบ
รายการนี้ยังไม่มีแท็ก
คุณยังไม่ได้ล็อกอิน คุณสามารถมีกิจกรรมร่วมกับเว็บไซต์ได้ แต่ต้องล็อกอินก่อน ::
  ล็อกอิน

รายการสื่อสารสนเทศ

ลำดับที่ ประเภท เลขเรียก/บาร์โค้ด สถานที่ สถานะ
- ไม่พบข้อมูล -

รายการใกล้เคียง
    หัวเรื่อง [ภาษาอังกฤษ การใช้ภาษา]

BibComment


ยังไม่เคยถูกคอมเมนท์

คอมเมนท์ทรัพยากรรายการนี้
  คอมเมนท์: เทคนิคการจดจำ การ..


 Copyright 2026. Bcnsprnw @Library